000 01099nam a2200301 i 4500
001 000042324
003 DO-SdBNP
005 20241119125511.0
007 ta
008 131125s1985 dr 000 0 spa d
040 _aDO-SdBNP
_bspa
_cBNPHU
_erda
082 _axxx
_bC965p
_222
100 1 _aCuello, José Israel
_eautor
_925882
245 1 3 _aEl proceso revolucionario dominicano y sus enseñanzas /
_cJosé Israel Cuello, Narciso Isa Conde.
264 _aSanto Domingo :
_bTaller,
_c1985.
300 _a45 páginas ;
_c20 cm.
336 _ardacontent
_btexto
_2txt
337 _ardamedia
_bsin mediación
_2n
338 _ardacarrier
_bvolumen
_2nc
490 1 _aBiblioteca Taller
_v187
500 _aA 20 años de la revolución de abril de 1965
500 _aPublicado y escrito originalmente en y para la revista internacional problemas de la paz y del socialismo en los números 12 de 1965 y 1 de 1966 (89) en 17 idiomas
590 _aInventariado, 2024/DG
700 1 _aIsa Conde, Narciso,
_d1942-
_912387
830 0 _aBiblioteca Taller
_v187
_9164
910 _aDG
942 _2ddc
_cLF2
999 _c41813
_d41813